[Event "XXVI Torneo Abierto de Collado"]
[Site "Collado Villalba"]
[Date "2010.08.22"]
[Round "3"]
[White "Ramirez Garcia, Jorge Alberto"]
[Black "Semprun Martinez, Fernando"]
[Result "1/2-1/2"]
[WhiteElo "2241"]
[BlackElo "2159"]
[PlyCount "66"]
[EventDate "2010.08.20"]
[EventRounds "9"]
[EventCountry "ESP"]

1. e4 e5 2. Nf3 d6 3. d4 exd4 4. Qxd4 a6 5. Bg5 Nf6 6. Qe3 Be7 7. Nc3 Nc6 8. h3
Be6 9. O-O-O Nd7 10. Be2 Nde5 11. Bxe7 Qxe7 12. Nd2 O-O-O 13. f4 Nd7 14. Rhe1
Rhe8 15. Qf2 f6 16. Nd5 Qf7 17. Ne3 Qg8 18. h4 Nc5 19. a3 Bf7 20. Bf3 g5 21. g3
h5 22. Nf5 g4 23. Bg2 Bg6 24. Nd4 Nxd4 25. Qxd4 Qf7 26. Kb1 Kb8 27. Re3 Bh7 28.
Rde1 Bg8 29. Nb3 Nxb3 30. Rxb3 d5 31. Qb4 c6 32. exd5 Rxe1+ 33. Qxe1 cxd5
1/2-1/2

[Event "XXVI Torneo Abierto de Collado"]
[Site "Collado Villalba"]
[Date "2010.08.22"]
[Round "3"]
[White "Cardenas Serrano, Sergio"]
[Black "Iturrizaga, Eduardo"]
[Result "0-1"]
[WhiteElo "2136"]
[BlackElo "2614"]
[PlyCount "78"]
[EventDate "2010.08.20"]
[EventRounds "9"]
[EventCountry "ESP"]

1. d4 Nf6 2. c4 c5 3. d5 b5 4. cxb5 a6 5. bxa6 g6 6. Nc3 Bxa6 7. Nf3 Bg7 8. g3
d6 9. Bg2 Nbd7 10. O-O Nb6 11. Re1 O-O 12. Rb1 Bc4 13. e4 Bxa2 14. Nxa2 Rxa2
15. Nd2 Nfd7 16. Qb3 Qa8 17. Nc4 Nxc4 18. Qxc4 Rb8 19. Re2 Nb6 20. Qd3 Na4 21.
e5 Rb4 22. exd6 exd6 23. Bd2 Nxb2 24. Qe3 Rb8 25. Qe7 Ra6 26. Bf4 Bf8 27. Qd7
Rab6 28. Bg5 R6b7 29. Qc6 Nc4 30. Rxb7 Qxb7 31. Qxb7 Rxb7 32. Re8 Kg7 33. h4
Ne5 34. f4 Rb1+ 35. Kh2 Ng4+ 36. Kh3 Nf2+ 37. Kh2 f6 38. Bxf6+ Kf7 39. Rd8 Ng4+
0-1

[Event "XXVI Torneo Abierto de Collado"]
[Site "Collado Villalba"]
[Date "2010.08.22"]
[Round "3"]
[White "Lorite Cruz, Francisco"]
[Black "Kovacevic, Slobodan"]
[Result "0-1"]
[WhiteElo "2127"]
[BlackElo "2392"]
[PlyCount "60"]
[EventDate "2010.08.20"]
[EventRounds "9"]
[EventCountry "ESP"]

1. e4 c5 2. Nf3 e6 3. d4 cxd4 4. Nxd4 a6 5. g3 Nf6 6. Bg2 d6 7. O-O Qc7 8. Nc3
Be7 9. a4 Nbd7 10. Nb3 O-O 11. a5 Ne5 12. Re1 Rb8 13. Bf1 Rd8 14. Qe2 Nc6 15.
Be3 Nd7 16. Red1 Bf6 17. Qd2 Be7 18. Na4 h6 19. Nc3 Nc5 20. Qe1 Bd7 21. Nxc5
dxc5 22. Na4 Nb4 23. Qc3 Bxa4 24. Rxd8+ Rxd8 25. Rxa4 Qc6 26. Ra1 Qxe4 27. Bxc5
Bxc5 28. Qxc5 Nxc2 29. Bg2 Qe2 30. h4 Nxa1 0-1

[Event "XXVI Torneo Abierto de Collado"]
[Site "Collado Villalba"]
[Date "2010.08.22"]
[Round "3"]
[White "Elissalt Cardenas, Hector"]
[Black "Ponce Lopez, Miguel"]
[Result "1/2-1/2"]
[WhiteElo "2357"]
[BlackElo "2106"]
[PlyCount "55"]
[EventDate "2010.08.20"]
[EventRounds "9"]
[EventCountry "ESP"]

1. c4 Nf6 2. Nc3 g6 3. g3 Bg7 4. Bg2 O-O 5. d3 d6 6. e4 e5 7. Nge2 Nc6 8. h3
Be6 9. O-O Nd7 10. Nd5 a5 11. Be3 Nc5 12. Qd2 Qd7 13. Kh2 f5 14. f4 Nd4 15.
fxe5 dxe5 16. Nxd4 exd4 17. Bf4 Rac8 18. e5 b6 19. Rfe1 Rce8 20. Bg5 Bxd5 21.
Bxd5+ Kh8 22. Bf4 c6 23. Bf3 Re6 24. Re2 Rfe8 25. Rae1 Qc7 26. b3 Bxe5 27. Rxe5
Rxe5 28. Bxc6 1/2-1/2

[Event "XXVI Torneo Abierto de Collado"]
[Site "Collado Villalba"]
[Date "2010.08.22"]
[Round "3"]
[White "Lopez De Turiso, Jose Angel"]
[Black "Perez Gonzalez, Jose Manuel"]
[Result "1/2-1/2"]
[WhiteElo "2101"]
[BlackElo "2324"]
[PlyCount "94"]
[EventDate "2010.08.20"]
[EventRounds "9"]
[EventCountry "ESP"]

1. Nf3 Nf6 2. c4 g6 3. g3 Bg7 4. Bg2 O-O 5. O-O d6 6. Nc3 Nc6 7. d4 Rb8 8. a3
Nd7 9. b4 e5 10. e3 f5 11. Bb2 e4 12. Nd2 Nf6 13. f3 exf3 14. Nxf3 Re8 15. b5
Na5 16. Qa4 b6 17. Rae1 Bh6 18. Bc1 Be6 19. d5 Bd7 20. Nd4 Nb7 21. Qc2 Nc5 22.
Re2 Nfe4 23. Rfe1 Qf6 24. Nd1 Qh8 25. Bb2 Bg7 26. Nf3 Bxb2 27. Nxb2 Re7 28. Nd3
Rbe8 29. Nxc5 Nxc5 30. Nd2 Qg7 31. Nb3 Nxb3 32. Qxb3 h5 33. Qa4 Qc3 34. Qb4 Qf6
35. Qd2 h4 36. e4 hxg3 37. hxg3 Kg7 38. exf5 Bxf5 39. Rxe7+ Rxe7 40. Rxe7+ Qxe7
41. Kf2 Qe5 42. Bf3 Kf6 43. Qh6 Qd4+ 44. Kg2 Qxc4 45. Qf8+ Kg5 46. Qe7+ Kh6 47.
Qf8+ Kh7 1/2-1/2

[Event "XXVI Torneo Abierto de Collado"]
[Site "Collado Villalba"]
[Date "2010.08.22"]
[Round "3"]
[White "Davicce Canada, Juan Antonio"]
[Black "Tudela Corbalan, Carlos"]
[Result "0-1"]
[WhiteElo "2080"]
[BlackElo "2209"]
[PlyCount "106"]
[EventDate "2010.08.20"]
[EventRounds "9"]
[EventCountry "ESP"]

1. d4 f5 2. g3 Nf6 3. Bg2 g6 4. Nh3 Bg7 5. c4 O-O 6. Nc3 d6 7. d5 Na6 8. Nf4
Qe8 9. O-O Nc5 10. Nb5 Qf7 11. h4 e5 12. dxe6 Nxe6 13. Nxe6 Bxe6 14. Bxb7 Rab8
15. Bg2 Bxc4 16. Nc3 Kh8 17. Qc2 Nh5 18. Bf3 Be5 19. b3 Be6 20. Bb2 g5 21. hxg5
Ng7 22. Kg2 f4 23. Ne4 Bf5 24. Qd2 Qg6 25. Bxe5 dxe5 26. Qc2 fxg3 27. fxg3 Ne6
28. Qc4 Nd4 29. Qd5 Rb5 30. Nc5 Qxg5 31. Qxe5+ Qg7 32. Qxg7+ Kxg7 33. Na4 Nc2
34. Rac1 Ne3+ 35. Kf2 Nxf1 36. Rxc7+ Rf7 37. Rxf7+ Kxf7 38. Kxf1 Ke6 39. Kf2
Ke5 40. Ke3 Rb8 41. Nc3 Rg8 42. Kf2 Bd7 43. Nd1 Kd4 44. Ne3 Be6 45. Nd1 Rc8 46.
Ne3 Rc1 47. Nc4 Bxc4 48. bxc4 Ra1 49. Bd5 Rxa2 50. Bg8 h6 51. Kf3 Rc2 52. e4
Ke5 53. Bd5 a5 0-1

[Event "XXVI Torneo Abierto de Collado"]
[Site "Collado Villalba"]
[Date "2010.08.22"]
[Round "3"]
[White "Pastor Alonso De Prado, Emilio"]
[Black "Madurga Lopez, Ignacio"]
[Result "0-1"]
[WhiteElo "2195"]
[BlackElo "2024"]
[PlyCount "82"]
[EventDate "2010.08.20"]
[EventRounds "9"]
[EventCountry "ESP"]

1. e4 c5 2. c3 d5 3. exd5 Qxd5 4. d4 cxd4 5. cxd4 Nc6 6. Be3 e6 7. Nc3 Bb4 8.
Nf3 Nf6 9. Bd3 Qa5 10. Qb3 Nd5 11. Rc1 Bxc3+ 12. bxc3 Nxe3 13. fxe3 O-O 14. O-O
b6 15. a4 Qd5 16. Qb1 h6 17. Bh7+ Kh8 18. Be4 Qd7 19. Qb5 Bb7 20. c4 Rad8 21.
c5 Nxd4 22. Qxd7 Ne2+ 23. Kh1 Rxd7 24. Bxb7 Nxc1 25. c6 Rxb7 26. cxb7 Nd3 27.
Nd4 Nc5 28. Rxf7 Rb8 29. a5 bxa5 30. h4 Rxb7 31. Rf8+ Kh7 32. Rc8 Nd3 33. Nxe6
Nf2+ 34. Kh2 Ng4+ 35. Kg3 Nxe3 36. h5 Nf5+ 37. Kf4 Nd6 38. Rc6 Nf7 39. Ra6 Rb6
40. Rxa7 Rxe6 41. Rxf7 Rf6+ 0-1

[Event "XXVI Torneo Abierto de Collado"]
[Site "Collado Villalba"]
[Date "2010.08.22"]
[Round "3"]
[White "Vazquez Igarza, Renier"]
[Black "Pardo Robles, Jose Manuel"]
[Result "1-0"]
[WhiteElo "2527"]
[BlackElo "1874"]
[PlyCount "55"]
[EventDate "2010.08.20"]
[EventRounds "9"]
[EventCountry "ESP"]

1. d4 Nf6 2. c4 g6 3. Nc3 Bg7 4. e4 d6 5. Nf3 O-O 6. Be2 Nc6 7. O-O e5 8. d5
Ne7 9. b4 Nh5 10. g3 f5 11. Ng5 Nf6 12. f3 c6 13. Be3 Nh5 14. Ne6 Bxe6 15. dxe6
Kh8 16. Rb1 a6 17. Qb3 f4 18. Bf2 fxg3 19. hxg3 Rf6 20. c5 dxc5 21. bxc5 Rb8
22. Rfd1 Qg8 23. Rd7 Qxe6 24. Qxe6 Rxe6 25. Rbxb7 Rxb7 26. Rxb7 a5 27. Rb8+ Ng8
28. Bc4 1-0

[Event "XXVI Torneo Abierto de Collado"]
[Site "Collado Villalba"]
[Date "2010.08.22"]
[Round "3"]
[White "Gomez Garrido, Camilo"]
[Black "Gomez Gonzalez, Javier"]
[Result "1-0"]
[WhiteElo "2499"]
[BlackElo "2016"]
[PlyCount "125"]
[EventDate "2010.08.20"]
[EventRounds "9"]
[EventCountry "ESP"]

1. e4 c5 2. Nf3 d6 3. d4 cxd4 4. Nxd4 Nf6 5. Nc3 a6 6. Bg5 e6 7. f4 Be7 8. Qf3
Qc7 9. O-O-O Nbd7 10. g4 b5 11. Bxf6 Nxf6 12. g5 Nd7 13. f5 Bxg5+ 14. Kb1 Ne5
15. Qh5 Qd8 16. h4 Bf6 17. fxe6 O-O 18. Bh3 Kh8 19. Nd5 fxe6 20. Bxe6 Nc4 21.
Nxf6 Qxf6 22. Bxc4 bxc4 23. Qd5 Bg4 24. Rdg1 Rac8 25. c3 Rc5 26. Qb7 Bc8 27.
Qb6 Re5 28. Qb4 Rxe4 29. h5 d5 30. a3 Qe7 31. Qa5 Qe5 32. Ka2 Qd6 33. Rg5 Re5
34. Rhg1 Rxg5 35. Rxg5 Rd8 36. Re5 Bg4 37. Rg5 Bd1 38. Rg1 Bxh5 39. Rxg7 Bd1
40. Rb7 Rb8 41. Rxb8+ Qxb8 42. Qxd5 Bb3+ 43. Ka1 Qg8 44. Qe5+ Qg7 45. Qe8+ Qg8
46. Qe3 Qd5 47. Qe8+ Kg7 48. Qe7+ Kg6 49. Qe1 h5 50. Kb1 Qg5 51. Qe8+ Kh7 52.
Qf7+ Kh8 53. Nf3 Qg4 54. Kc1 h4 55. Kd2 h3 56. Ke3 Bc2 57. Qf4 Qe6+ 58. Kf2 Bd3
59. Qf8+ Qg8 60. Qh6+ Qh7 61. Qxa6 Qf5 62. Qh6+ Kg8 63. Qg5+ 1-0

[Event "XXVI Torneo Abierto de Collado"]
[Site "Collado Villalba"]
[Date "2010.08.22"]
[Round "3"]
[White "Heras Cuencas, Miguel Angel"]
[Black "Starostits, Ilmars"]
[Result "0-1"]
[WhiteElo "1978"]
[BlackElo "2486"]
[PlyCount "106"]
[EventDate "2010.08.20"]
[EventRounds "9"]
[EventCountry "ESP"]

1. d4 d5 2. c4 dxc4 3. Nf3 c6 4. Nc3 Nf6 5. e3 b5 6. a4 Qa5 7. Bd2 b4 8. Na2 e6
9. Bxc4 Ba6 10. Qb3 Bxc4 11. Qxc4 Qxa4 12. Bxb4 a5 13. b3 Bxb4+ 14. Ke2 Qb5 15.
Nxb4 O-O 16. Ne5 Qb7 17. Nbxc6 a4 18. Rhb1 a3 19. b4 Nd5 20. Kf1 f6 21. Nd3
Qxc6 22. Qxc6 Nxc6 23. b5 Na5 24. Rxa3 Nc4 25. Rxa8 Rxa8 26. Rc1 Ndb6 27. Nc5
Kf7 28. Na6 Rc8 29. Ke2 Ke7 30. f3 Na3 31. Rc5 Kd7 32. Kd3 Na4 33. e4 Nxc5+ 34.
Nxc5+ Kd6 35. b6 Rb8 36. b7 e5 37. g3 Nb5 38. Na6 Rxb7 39. dxe5+ fxe5 40. Nb4
Nd4 41. Nd5 Nxf3 42. h4 Rb3+ 43. Ke2 Nd4+ 44. Kf2 Rf3+ 45. Kg2 h5 46. Nb6 Rb3
47. Nc4+ Ke6 48. Kf2 Rf3+ 49. Kg2 Rc3 50. Nb6 Rc2+ 51. Kh3 Re2 52. Na4 Rxe4 53.
Nc5+ Kd5 0-1

[Event "XXVI Torneo Abierto de Collado"]
[Site "Collado Villalba"]
[Date "2010.08.22"]
[Round "3"]
[White "Guerra Mendez, Jose Angel"]
[Black "Ledo Galan, Jose Emilio"]
[Result "1-0"]
[WhiteElo "2480"]
[BlackElo "1977"]
[PlyCount "49"]
[EventDate "2010.08.20"]
[EventRounds "9"]
[EventCountry "ESP"]

1. e4 c5 2. Nf3 d6 3. d4 cxd4 4. Nxd4 Nf6 5. Nc3 g6 6. Be3 Bg7 7. f3 O-O 8. Bc4
Nc6 9. Qd2 Bd7 10. O-O-O Rc8 11. Bb3 Ne5 12. h4 h5 13. Bg5 b5 14. Ndxb5 Qa5 15.
Nd4 Nc4 16. Bxc4 Rxc4 17. Nb3 Qc7 18. e5 Ne8 19. Nd5 Qb8 20. Bxe7 Bxe5 21. Bxf8
Kxf8 22. f4 Bg7 23. Kb1 Be6 24. Rhe1 Rc5 25. Nc3 1-0

[Event "XXVI Torneo Abierto de Collado"]
[Site "Collado Villalba"]
[Date "2010.08.22"]
[Round "3"]
[White "Gomez Ledo, Roberto Carlos"]
[Black "Cano Cabanillas, Javier"]
[Result "1-0"]
[WhiteElo "2445"]
[BlackElo "1955"]
[PlyCount "69"]
[EventDate "2010.08.20"]
[EventRounds "9"]
[EventCountry "ESP"]

1. d4 Nf6 2. c4 e5 3. dxe5 Ng4 4. Nf3 Nc6 5. e3 Bb4+ 6. Nbd2 Ngxe5 7. Nxe5 Nxe5
8. Be2 b6 9. O-O Bb7 10. Nf3 Nxf3+ 11. Bxf3 Bxf3 12. Qxf3 O-O 13. Rd1 Be7 14.
Rb1 Qe8 15. b3 Bf6 16. Qb7 Be5 17. Ba3 Rb8 18. Qd5 d6 19. f4 Bf6 20. e4 c5 21.
Bb2 Bxb2 22. Rxb2 Rd8 23. Rbd2 Qe6 24. Qxe6 fxe6 25. g3 Kf7 26. Rxd6 Rxd6 27.
Rxd6 Ke7 28. Rd3 h5 29. Kg2 h4 30. Rd2 g5 31. fxg5 hxg3 32. Kxg3 e5 33. Rf2 Rd8
34. h4 Rd4 35. g6 1-0

[Event "XXVI Torneo Abierto de Collado"]
[Site "Collado Villalba"]
[Date "2010.08.22"]
[Round "3"]
[White "Ontanon Gomez, Pablo"]
[Black "Samolins, Vitalijs"]
[Result "0-1"]
[WhiteElo "2002"]
[BlackElo "2408"]
[PlyCount "64"]
[EventDate "2010.08.20"]
[EventRounds "9"]
[EventCountry "ESP"]

1. e4 e5 2. Nf3 Nc6 3. Bb5 g6 4. c3 a6 5. Ba4 d6 6. d4 Bd7 7. O-O Bg7 8. dxe5
dxe5 9. Be3 Nf6 10. Nbd2 Qe7 11. b4 b6 12. h3 O-O 13. Bb3 Nh5 14. Bg5 Qe8 15.
Nc4 h6 16. Bc1 Rd8 17. Qc2 Kh8 18. Ne3 f5 19. Nd5 g5 20. Nxc7 Qg6 21. Nxa6 fxe4
22. Re1 Bxh3 23. gxh3 Rxf3 24. Qxe4 Qxe4 25. Rxe4 Rxc3 26. Rc4 Rxc4 27. Bxc4 e4
28. Rb1 Rd1+ 29. Kh2 Nd4 30. Kg2 Nf3 31. Bf1 Ne1+ 32. Kg1 Nd3 0-1

[Event "XXVI Torneo Abierto de Collado"]
[Site "Collado Villalba"]
[Date "2010.08.22"]
[Round "3"]
[White "Valles Moreno, Ivan"]
[Black "Rodriguez De Robles, Ignacio"]
[Result "1-0"]
[WhiteElo "2394"]
[BlackElo "1941"]
[PlyCount "74"]
[EventDate "2010.08.20"]
[EventRounds "9"]
[EventCountry "ESP"]

1. d4 Nf6 2. c4 g6 3. Nc3 Bg7 4. e4 d6 5. f4 O-O 6. Nf3 c5 7. d5 e6 8. dxe6
fxe6 9. Bd3 Nc6 10. O-O a6 11. Ng5 Nd4 12. e5 dxe5 13. fxe5 Nd7 14. Rxf8+ Qxf8
15. Nxh7 Qf7 16. Ng5 Qe8 17. Bf4 Bxe5 18. Qg4 Nf5 19. Re1 Nf6 20. Qf3 Bd4+ 21.
Kh1 Bd7 22. Nce4 Bc6 23. Qh3 Nh5 24. Bc1 Qd7 25. Bc2 Re8 26. Nf3 Qh7 27. Neg5
Qc7 28. Nxd4 cxd4 29. a3 Ne3 30. Bxe3 dxe3 31. Bxg6 Nf4 32. Qh6 Re7 33. Ne4
Bxe4 34. Bxe4 Qe5 35. Rxe3 Qd4 36. Rg3+ Rg7 37. Rxg7+ Qxg7 1-0

[Event "XXVI Torneo Abierto de Collado"]
[Site "Collado Villalba"]
[Date "2010.08.22"]
[Round "3"]
[White "Cao Armillas, Jesus"]
[Black "Camarero Izquierdo, Juan C"]
[Result "1-0"]
[WhiteElo "2191"]
[BlackElo "1939"]
[PlyCount "51"]
[EventDate "2010.08.20"]
[EventRounds "9"]
[EventCountry "ESP"]

1. e4 c5 2. Nf3 d6 3. d4 cxd4 4. Nxd4 Nf6 5. Nc3 a6 6. Bg5 e6 7. f4 Nbd7 8. Bd3
Qb6 9. Nb3 Be7 10. Qe2 Qc7 11. a4 O-O 12. O-O Nc5 13. Nxc5 dxc5 14. e5 Ne8 15.
Ne4 h6 16. Qh5 Bxg5 17. Nxg5 c4 18. Bh7+ Kh8 19. Ra3 f6 20. Be4 f5 21. Rh3 Kg8
22. Bf3 hxg5 23. fxg5 g6 24. Qh8+ Kf7 25. Rh7+ Ng7 26. Qxg7+ 1-0

[Event "XXVI Torneo Abierto de Collado"]
[Site "Collado Villalba"]
[Date "2010.08.22"]
[Round "3"]
[White "Hernandez Yanez, Javier"]
[Black "Pena Aumar, Nicolas"]
[Result "1/2-1/2"]
[WhiteElo "1955"]
[BlackElo "2083"]
[PlyCount "79"]
[EventDate "2010.08.20"]
[EventRounds "9"]
[EventCountry "ESP"]

1. d4 Nf6 2. Nf3 c5 3. c3 cxd4 4. cxd4 g6 5. Nc3 d5 6. e3 Bg7 7. Be2 O-O 8. O-O
Nc6 9. a3 e6 10. b4 a6 11. Na4 Ne4 12. Bb2 b5 13. Rc1 Bd7 14. Nc5 Nd6 15. Qb3
Nc4 16. Bc3 Qc7 17. Ra1 Ne7 18. Ra2 Bc6 19. Rfa1 Nc8 20. a4 N8b6 21. a5 Nd7 22.
Bd3 Nxc5 23. dxc5 e5 24. Bf1 Rad8 25. Rd1 Rfe8 26. Qb1 Qb7 27. Qa1 f6 28. Be2
Rd7 29. Ne1 Rde7 30. Bf3 f5 31. h3 Rf8 32. Be2 Qd7 33. Nf3 Qe6 34. Bf1 h6 35.
Nd2 Kh7 36. Nxc4 bxc4 37. Rad2 Rd7 38. g3 Rfd8 39. Bg2 Re8 40. Qc1 1/2-1/2

[Event "XXVI Torneo Abierto de Collado"]
[Site "Collado Villalba"]
[Date "2010.08.22"]
[Round "3"]
[White "Martin Martin, Luis Vicente"]
[Black "Pablos Tenrero, Raquel"]
[Result "1-0"]
[WhiteElo "2067"]
[BlackElo "1868"]
[PlyCount "119"]
[EventDate "2010.08.20"]
[EventRounds "9"]
[EventCountry "ESP"]

1. d4 d5 2. Nf3 Nf6 3. Bf4 c5 4. e3 cxd4 5. exd4 Nc6 6. c3 e6 7. Bd3 Be7 8.
Nbd2 O-O 9. O-O a6 10. Ne5 Nxe5 11. dxe5 Nd7 12. Nf3 b5 13. Nd4 Bb7 14. a3 Nb6
15. Qe2 Rc8 16. Rae1 Qd7 17. Qh5 g6 18. Qh6 Rfe8 19. Re3 Bf8 20. Qh4 Be7 21.
Qg4 Nc4 22. Re2 Bc6 23. Bc1 Bf8 24. f4 Bg7 25. Qh3 Qe7 26. g4 Bd7 27. Nf3 f6
28. Rfe1 Rcd8 29. Qg3 fxe5 30. fxe5 Rf8 31. Bg5 Qc5+ 32. Nd4 Rde8 33. h4 Rf7
34. Qg2 Ref8 35. h5 Nxe5 36. Rxe5 Bxe5 37. Rxe5 Qd6 38. hxg6 hxg6 39. Be3 Rf6
40. g5 R6f7 41. Bxg6 Rg7 42. Bd3 Bc8 43. g6 Re8 44. Bh6 Rb7 45. g7 Qe7 46. Qg6
Qxg7 47. Bxg7 Rxg7 48. Kf2 Rxg6 49. Bxg6 Rf8+ 50. Ke3 Rf6 51. Bd3 Rh6 52. Rg5+
Kf7 53. Nf3 Kf6 54. Rg8 Bb7 55. Rf8+ Ke7 56. Rb8 Bc6 57. Ne5 Be8 58. Rb6 Rh3+
59. Kd2 Rh2+ 60. Kc1 1-0

[Event "XXVI Torneo Abierto de Collado"]
[Site "Collado Villalba"]
[Date "2010.08.22"]
[Round "3"]
[White "Gal, Eugen"]
[Black "Cerrato Torrijos, Maria"]
[Result "0-1"]
[WhiteElo "1934"]
[BlackElo "2064"]
[PlyCount "86"]
[EventDate "2010.08.20"]
[EventRounds "9"]
[EventCountry "ESP"]

1. e4 c5 2. Nf3 d6 3. d4 cxd4 4. Nxd4 Nf6 5. Nc3 Nc6 6. Be2 e5 7. Nb3 Be7 8.
Be3 Be6 9. Bf3 a5 10. O-O a4 11. Nc1 a3 12. b3 Nb4 13. Nd3 Rc8 14. Nxb4 Rxc3
15. Bd2 Rc8 16. c4 b5 17. cxb5 Bd7 18. Qe2 Qb6 19. Rfc1 Rxc1+ 20. Rxc1 Bxb5 21.
Qe3 Qb7 22. Nc2 Bc6 23. Nxa3 Bxe4 24. Bxe4 Nxe4 25. Ba5 Bg5 26. Qe1 Bxc1 27.
Qxc1 O-O 28. Nc4 Qa6 29. Qe1 Nc5 30. g3 Ne6 31. Bb4 Rd8 32. a3 Nd4 33. Qd1 d5
34. Nxe5 Ne2+ 35. Kg2 d4 36. Nd3 Qc6+ 37. f3 Re8 38. Bd2 Nc3 39. Nb4 Nxd1 40.
Nxc6 Re2+ 41. Kf1 Rxd2 42. Ke1 Rd3 43. Ke2 Nb2 0-1

[Event "XXVI Torneo Abierto de Collado"]
[Site "Collado Villalba"]
[Date "2010.08.22"]
[Round "3"]
[White "Erice Alonso, Santiago"]
[Black "Ananian, Arman"]
[Result "1/2-1/2"]
[WhiteElo "2060"]
[BlackElo "1763"]
[PlyCount "72"]
[EventDate "2010.08.20"]
[EventRounds "9"]
[EventCountry "ESP"]

1. c4 Nf6 2. Nc3 g6 3. e4 d6 4. d4 Bg7 5. f4 O-O 6. Nf3 e5 7. dxe5 dxe5 8. Qxd8
Rxd8 9. Nxe5 Nbd7 10. Nxd7 Bxd7 11. Be2 Re8 12. e5 Ng4 13. O-O c6 14. h3 Nh6
15. Bd2 f6 16. exf6 Bxf6 17. Bf3 Be6 18. Kh2 Bxc4 19. Rfe1 Rad8 20. Rxe8+ Rxe8
21. Ne4 Be7 22. Re1 Kf7 23. g4 Ng8 24. Bc3 Rd8 25. Ng5+ Bxg5 26. fxg5 Ne7 27.
Bb4 Rd7 28. b3 Ba6 29. Kg3 Nd5 30. Rd1 Ke6 31. Re1+ Kf7 32. Bc5 b6 33. Bf2 c5
34. Rd1 Ke6 35. Re1+ Kf7 36. Rd1 Ke6 1/2-1/2

[Event "XXVI Torneo Abierto de Collado"]
[Site "Collado Villalba"]
[Date "2010.08.22"]
[Round "3"]
[White "Perez Ortego, Alberto"]
[Black "Garcia Galeote, Lorenzo"]
[Result "0-1"]
[WhiteElo "1589"]
[BlackElo "2058"]
[PlyCount "100"]
[EventDate "2010.08.20"]
[EventRounds "9"]
[EventCountry "ESP"]

1. e4 g6 2. d4 Bg7 3. Nf3 d6 4. Be2 Nf6 5. Nc3 Nc6 6. O-O O-O 7. Re1 Bg4 8. h3
Bxf3 9. Bxf3 e5 10. d5 Ne7 11. a3 Nd7 12. Be3 f5 13. Bg5 h6 14. Bxe7 Qxe7 15.
exf5 gxf5 16. Bh5 Qg5 17. g4 Nf6 18. Kh1 fxg4 19. Bxg4 Nxg4 20. Qxg4 Qxg4 21.
hxg4 Rxf2 22. Ne2 Raf8 23. Kg1 h5 24. gxh5 Bh6 25. Rad1 Be3 26. Kh1 R8f3 27.
Ng1 Rg3 28. Re2 Rxe2 29. Nxe2 Rh3+ 30. Kg2 Rxh5 31. c4 Rf5 32. Rf1 Rxf1 33.
Kxf1 Kf7 34. b3 Kf6 35. Nc3 Kf5 36. Ke2 Bd4 37. Nb5 Bb6 38. b4 a6 39. Nc3 Bd4
40. Nb1 b5 41. cxb5 axb5 42. Nd2 e4 43. Nb3 Ke5 44. Nxd4 Kxd4 45. Kd2 Kxd5 46.
Ke3 Kc4 47. Kxe4 Kb3 48. Kd5 Kxa3 49. Kc6 Kxb4 50. Kxc7 d5 0-1

[Event "XXVI Torneo Abierto de Collado"]
[Site "Collado Villalba"]
[Date "2010.08.22"]
[Round "3"]
[White "Ojosnegros Martin, Angel"]
[Black "Lopez Heras, Arturo"]
[Result "0-1"]
[WhiteElo "1408"]
[BlackElo "2024"]
[PlyCount "67"]
[EventDate "2010.08.20"]
[EventRounds "9"]
[EventCountry "ESP"]

1. d4 Nf6 2. e3 c5 3. Nf3 cxd4 4. Nxd4 g6 5. Bd3 Bg7 6. O-O O-O 7. Nd2 d5 8.
N4f3 Nc6 9. Rb1 e5 10. Be2 Re8 11. Nb3 Qc7 12. h3 a5 13. Re1 a4 14. Nbd2 Nb4
15. c3 Nxa2 16. Ra1 Nxc1 17. Rxc1 Bd7 18. Nf1 a3 19. b3 Bc6 20. Ng3 Nd7 21. c4
dxc4 22. Bxc4 a2 23. e4 Bh6 24. Ra1 Nc5 25. Qe2 Qa5 26. Red1 Bf4 27. b4 Qxb4
28. Rxa2 Bxg3 29. fxg3 Nxe4 30. Rxa8 Rxa8 31. Nxe5 Qc5+ 32. Kh2 Qxe5 33. Bxf7+
Kxf7 34. Qf3+ 0-1

[Event "XXVI Torneo Abierto de Collado"]
[Site "Collado Villalba"]
[Date "2010.08.22"]
[Round "3"]
[White "Rodriguez Gomez, Vicente"]
[Black "Arbunic Castro, Giovanna"]
[Result "0-1"]
[WhiteElo "2026"]
[BlackElo "2081"]
[PlyCount "82"]
[EventDate "2010.08.20"]
[EventRounds "9"]
[EventCountry "ESP"]

1. e4 c5 2. c3 d5 3. exd5 Qxd5 4. d4 Nf6 5. Nf3 Bg4 6. Be2 e6 7. O-O cxd4 8.
cxd4 Bb4 9. Nc3 Bxc3 10. bxc3 O-O 11. h3 Bh5 12. c4 Qd6 13. a4 Rd8 14. Ba3 Qc7
15. Rc1 Nc6 16. d5 exd5 17. cxd5 Nxd5 18. Qb3 a6 19. Rc5 Nf4 20. Bc4 b6 21.
Rxh5 Nxh5 22. Ng5 Ne5 23. Bd5 Ra7 24. Rc1 Qb8 25. Bb2 Nf4 26. Qc2 Ned3 27. Be4
h6 28. Bxd3 Nxd3 29. Rd1 hxg5 30. Rxd3 Rad7 31. Qc3 f6 32. Rg3 Rd1+ 33. Kh2 b5
34. Qb3+ R1d5 35. a5 Qf4 36. Bc3 Qxf2 37. Rf3 Qc5 38. Bxf6 Qd6+ 39. Kh1 gxf6
40. Rf1 Kg7 41. Qf3 Rd1 0-1

[Event "XXVI Torneo Abierto de Collado"]
[Site "Collado Villalba"]
[Date "2010.08.22"]
[Round "3"]
[White "Vargas Huamani, Juan C"]
[Black "Velasco Garcia, Jorge Juan"]
[Result "0-1"]
[WhiteElo "2013"]
[BlackElo "1910"]
[PlyCount "48"]
[EventDate "2010.08.20"]
[EventRounds "9"]
[EventCountry "ESP"]

1. e4 Nf6 2. e5 Nd5 3. d4 d6 4. c4 Nb6 5. exd6 cxd6 6. Nc3 g6 7. h3 Bg7 8. Nf3
Nc6 9. Be2 O-O 10. O-O e5 11. dxe5 dxe5 12. Be3 Be6 13. Qxd8 Rfxd8 14. Bxb6
axb6 15. Ng5 Rd2 16. Nxe6 fxe6 17. Bg4 Nd4 18. b3 h5 19. Bd1 Bf8 20. Na4 e4 21.
Re1 Bg7 22. Rb1 Rf8 23. Rf1 Nf5 24. g4 Ng3 0-1

[Event "XXVI Torneo Abierto de Collado"]
[Site "Collado Villalba"]
[Date "2010.08.22"]
[Round "3"]
[White "Marcos Herrero, Francisco"]
[Black "Sanchez Delgado, Lidia"]
[Result "1-0"]
[WhiteElo "1880"]
[BlackElo "2003"]
[PlyCount "59"]
[EventDate "2010.08.20"]
[EventRounds "9"]
[EventCountry "ESP"]

1. d4 Nf6 2. Nf3 g6 3. g3 Bg7 4. Bg2 O-O 5. c4 c5 6. Nc3 Nc6 7. d5 Na5 8. Nd2
d6 9. O-O b6 10. Qc2 Rb8 11. a3 Ba6 12. b3 e6 13. Bb2 e5 14. e4 Bh6 15. f4 Ng4
16. Nd1 exf4 17. Qc3 f6 18. gxf4 Bg7 19. b4 Nxc4 20. Nxc4 Rc8 21. b5 Bxb5 22.
a4 Ba6 23. Bh3 Qd7 24. Nde3 f5 25. Qxg7+ Qxg7 26. Bxg7 Kxg7 27. Bxg4 fxg4 28.
Rf2 Rcd8 29. Rd1 Rfe8 30. e5 1-0

[Event "XXVI Torneo Abierto de Collado"]
[Site "Collado Villalba"]
[Date "2010.08.22"]
[Round "3"]
[White "Sanchez Garcia, Manuel"]
[Black "Herrero Corada, Jose Ignacio"]
[Result "1-0"]
[WhiteElo "2002"]
[BlackElo "1891"]
[PlyCount "77"]
[EventDate "2010.08.20"]
[EventRounds "9"]
[EventCountry "ESP"]

1. g3 d5 2. Nf3 Nf6 3. Bg2 c6 4. d3 Bf5 5. O-O Nbd7 6. Nbd2 e5 7. Nh4 Be6 8. e4
Be7 9. Re1 dxe4 10. dxe4 O-O 11. Qe2 Qb6 12. h3 Rad8 13. Nhf3 h6 14. b3 Qc7 15.
Bb2 b5 16. a4 a6 17. Red1 Nh7 18. Nf1 Ng5 19. Nxg5 Bxg5 20. Nh2 Qc8 21. Nf3 Bf6
22. Kh2 Rfe8 23. Bc3 Qb8 24. axb5 cxb5 25. Rxa6 Qc8 26. Rxe6 Rxe6 27. Ba5 Rde8
28. Qxb5 Nc5 29. Ne1 Nb7 30. h4 Nxa5 31. Qxa5 Ra6 32. Qb5 Ra2 33. Bf1 Rd8 34.
Rxd8+ Qxd8 35. Bc4 Qd4 36. Qe8+ Kh7 37. Bxf7 Qxf2+ 38. Ng2 h5 39. Qg8+ 1-0